Forests and Fields of Imagined Futures/ (Record no. 210831)

MARC details
000 -LEADER
fixed length control field 00791nam a22002057a 4500
005 - DATE AND TIME OF LATEST TRANSACTION
control field 20250404152700.0
010 ## - LCCN (DPL NO)
LC control number ENG-144493
020 ## - INTERNATIONAL STANDARD BOOK NUMBER
Terms of availability 250.0
International Standard Book Number 9788196085087
035 ## - SYSTEM CONTROL NUMBER
System control number EN-1280025
037 ## - SOURCE OF ACQUISITION
Source of stock number/acquisition DBAD
082 ## - DEWEY DECIMAL CLASSIFICATION NUMBER
Classification number 338.642082091324
100 ## - MAIN ENTRY--PERSONAL NAME
Personal name Dutta, Nipasa
245 ## - TITLE STATEMENT
Title Forests and Fields of Imagined Futures/
Statement of responsibility, etc Nipasa Dutta [and] Dejna Daaulagupu
260 ## - PUBLICATION, DISTRIBUTION, ETC. (IMPRINT)
Place of publication, distribution, etc Guwahati
Name of publisher, distributor, etc North Eastern Social Research Centre
Date of publication, distribution, etc 2024
270 ## - ADDRESS
Address North Eastern Social Research Centre Jagriti 2nd Floor, Arunodoi Path, GMCH Road, Christian Basti
City Guwahati
Postal code 781005
300 ## - PHYSICAL DESCRIPTION
Extent 204p.
Dimensions 22cm(pb)
500 ## - GENERAL NOTE
General note Indigenous Women and Conservation Practices in Northern India
700 ## - ADDED ENTRY--PERSONAL NAME
Personal name Daaulagupu, Dejna
Relator term Author
9 (RLIN) 80339
942 ## - ADDED ENTRY ELEMENTS (KOHA)
Source of classification or shelving scheme Dewey Decimal Classification
Item type English Books
Call number suffix DUT
Classification part 338.642082091324
Holdings
Withdrawn status Lost status Not for loan Collection code Home library Current library Date acquired Source of acquisition Cost, normal purchase price Full call number Barcode Copy number Cost, replacement price Koha item type
    Not For Loan Non-fiction D.B.Act.Division D.B.Act.Division 04/04/2025 Delivery of Books Act Division 250.00 DUT 338.642082091324 EN-128025 1 250.00 English Books

© Delhi Public Library
Hit Counter
free hit counter